000 00344nam a22001337a 4500
008 170807b xxu||||| |||| 00| 0 eng d
020 _a290 0538 7297 95
041 _aeng
080 _a004
100 _a33
101 _aSHK
245 _aFORMATTING & DOCUMENT PROCESSING
_cVANHUSS,S.H
942 _2udc
_cBK
999 _c22797
_d22797